| 000 | 01778nam a2200529 i 4500 | ||
|---|---|---|---|
| 001 | 196226 | ||
| 003 | ES-MaACL | ||
| 005 | 20250927105326.0 | ||
| 007 | ta | ||
| 008 | 240820s1992||||fr gr 00| m|fre d | ||
| 015 | _aFR09317817 | ||
| 017 |
_aDL 93-03261 _bFR |
||
| 020 |
_a2908024306 _c64 F |
||
| 024 | 3 | _a9782908024302 | |
| 035 | _a(OCoLC)406962059 | ||
| 035 | _aocm28969162 | ||
| 035 | _asib0408075 | ||
| 035 | _afrBN015027722 | ||
| 035 |
_aFRBNF355595870000004 _zFRBNF35559587 |
||
| 035 | _a00282079X | ||
| 037 | _a9782908024302 | ||
| 040 |
_aABES _bfre _eAFNOR _cES-MaACL |
||
| 041 | 0 | _2639-2 | |
| 080 |
_a92 _2Éd. 1967 |
||
| 082 | 0 | _a920 | |
| 084 |
_a848.5. _2Dewey |
||
| 100 | 1 |
_0(IdRef)02717686X _1http://www.idref.fr/02717686X/id _aVandeul, Marie-Angélique de, _d1753-1824 _9238530 |
|
| 245 | 1 | 0 |
_aDiderot, mon père / _cMadame de Vandeul ; [préf. par Pierre Hartmann]. |
| 260 |
_aStrasbourg : _bCircé, _c1992 |
||
| 300 |
_a62 p. ; _c20 cm. |
||
| 336 |
_btxt _2rdacontent _atexto |
||
| 337 |
_bn _2rdamedia _asin mediación |
||
| 337 |
_bn _2isbdmedia _asin mediación |
||
| 338 |
_2rdacarrier _avolumen |
||
| 600 | 1 | 4 |
_aDiderot, Denis, _d1713-1784 _944511 |
| 700 |
_0(IdRef)056924526 _1http://www.idref.fr/056924526/id _aHartmann, Pierre, _d1953- _9238531 |
||
| 852 |
_aES-MaACL _cDEPO1 _jA-15346 _hDonación: José Manuel Duarte Cendán _9203975 |
||
| 886 | 2 |
_2unimarc _a181 _ai# _bxxxe## |
|
| 903 |
_aDuarte Cendán, José Manuel _q1 _ednr _9238529 |
||
| 942 |
_n0 _cMONOGRAFIA |
||
| 999 |
_c196226 _d196226 |
||
| 999 | _b870852107a | ||
| 999 | _b930662101m2 | ||
| 999 | _b920502102m | ||